Structure of HQ (Record no. 119368)

MARC details
000 -LEADER
fixed length control field 00640cas a22002055a 4500
001 - CONTROL NUMBER
control field L154863
008 - FIXED-LENGTH DATA ELEMENTS--GENERAL INFORMATION
fixed length control field 120124d19901993xxkar eng u
035 ## - SYSTEM CONTROL NUMBER
System control number (Sirsi) u154863
041 0# - LANGUAGE CODE
Language code of text/sound track or separate title eng
110 2# - MAIN ENTRY--CORPORATE NAME
Corporate name or jurisdiction name as entry element Royal Institution of Chartered Surveyors
9 (RLIN) 4900
245 00 - TITLE STATEMENT
Title Structure of HQ
260 ## - PUBLICATION, DISTRIBUTION, ETC.
Place of publication, distribution, etc. London
Name of publisher, distributor, etc. RICS
Date of publication, distribution, etc. 1990-1993
362 0# - DATES OF PUBLICATION AND/OR SEQUENTIAL DESIGNATION
Dates of publication and/or sequential designation 1990-1993
520 ## - SUMMARY, ETC.
Summary, etc. Lists senior staff and their responsibilities, together with members of councils and committees. Includes an organisation chart.
554 ## -
-- One per year
651 #4 - SUBJECT ADDED ENTRY--GEOGRAPHIC NAME
Geographic name United Kingdom
Chronological subdivision
690 ## - LOCAL SUBJECT ADDED ENTRY--TOPICAL TERM (OCLC, RLIN)
Topical term or geographic name as entry element Business and management
780 00 - PRECEDING ENTRY
Title Who's who at HQ
942 ## - ADDED ENTRY ELEMENTS (KOHA)
Suppress in OPAC 0
Holdings
Withdrawn status Lost status Source of classification or shelving scheme Damaged status Not for loan Home library Current library Shelving location Date acquired Total Checkouts Full call number Barcode Date last seen Price effective from Koha item type
    Dewey Decimal Classification     London London Gallery 24/01/2012   RICS STRUCTURE OF HQ 154863-1001 06/08/2019 06/08/2019 Journal